LEADER 01320nam a2200289 i 4500 001 000000137363 003 CaOOAMICUS 005 20061017000000.0 008 061017s1994 it u000 u ita u 013 $a111137 020 $a88-85985-43-2 040 $aSeMil$bita 100 1 $aTotaro, Franco.$0(OLS)http://semarc/name/47164 245 13$aLa responsabilità di ricostruire :$balla ricerca della legalità perduta /$cFranco Totaro, Angelo Mattioni, Giuseppe Tognon. 260 $a[Milano] :$bIn Dialogo,$c1994. 300 $a80 p. ;$c21 cm. 490 0 $aQuaderni dell'Associazione culturale «Giuseppe Lazzati» 650 4$aLegalità.$0(OLS)http://semarc/subject/24377 700 1 $aTognon, Giuseppe.$0(OLS)http://semarc/name/55764 700 1 $aMattioni, Angelo.$0(OLS)http://semarc/name/42645 830 0$aQuaderni dell'Associazione culturale «Giuseppe Lazzati».$0(OLS)http://semarc/title/10053 850 $aSeMil 852 $aSeMil$W1$xVenegono$y1$m3L III 165$j90909$B90909$CSeMilBibl$Z2$F116253 $81 961 $aRecupero: Altro 996 $6020$a88-85985-43-2$9(OLS)http://semarc/number/125056 996 $6245$aLa responsabilità di ricostruire :$balla ricerca della legalità perduta$9(OLS)http://semarc/title/200694 996 $6260$a[Milano] :$bIn Dialogo$9(OLS)http://semarc/publisher/42255 LEADER 00690nam a2200181 i 4500 001 000000055968 003 CaOOAMICUS 005 19970718000000.0 008 970718n xx u000 u ger u 013 $a27140 040 $aSeMil$bita 100 1 $aLambertz, Karl .$0(OLS)http://semarc/name/28205 245 14$aDer Anteil Evas der Ersten Frau an der Erbsünde. 650 4$aTeologia - Saggi.$0(OLS)http://semarc/subject/231 650 4$aTesi di laurea.$0(OLS)http://semarc/subject/1690 850 $aSeMil 852 $aSeMil$W1$xVenegono$y1$m2I IV 74$j22122$B22122$CSeMilBibl$Z2$F22124 $81 996 $6245$aDer Anteil Evas der Ersten Frau an der Erbsünde$9(OLS)http://semarc/title/86916